Así es el teatro /
Guardado en:
| Autor principal: | |
|---|---|
| Formato: | Libro |
| Idioma: | Español |
| Publicado: |
México :
CONACULTA,
2005, c2005
|
| Colección: | (Periodismo Cultural)
|
| Temas: | |
| Etiquetas: |
Sin etiquetas, Sé el primero en etiquetar este registro!
|
MARC
| LEADER | 00000nam^a2200000^a^4500 | ||
|---|---|---|---|
| 001 | 000187344 | ||
| 005 | 20250521000000.0 | ||
| 009 | 20260310102258.112 | ||
| 020 | |a 970-35-0940-1 | ||
| 037 | |a Acervo ITESO - Biblioteca | ||
| 041 | |a ESP | ||
| 082 | |a 792. 0972 |b MAR | ||
| 100 | |a Martínez, Alegría |e (autor) | ||
| 245 | 1 | 0 | |a Así es el teatro / |c A. Martínez. |
| 264 | 4 | |a México : |b CONACULTA, |c 2005, c2005 | |
| 300 | |a 462 p. | ||
| 336 | |a texto |b txt |2 rdacontenido | ||
| 337 | |a sin mediación |b n |2 rdamedio | ||
| 338 | |a volumen |b nc |2 rdasoporte | ||
| 440 | 1 | |a (Periodismo Cultural) | |
| 649 | |a XX | ||
| 650 | |a Music Hall - |z México - |x Historia - |y Siglo XX | ||
| 650 | |a Teatro Infantil - |z México - |x Historia - |y Siglo XX | ||
| 650 | |a Teatro Mexicano - |y Siglo XX | ||
| 650 | |a Teatro Mexicano - |x Historia y Crítica - |x Tema Principal | ||
| 650 | |a Artes Escénicas - |z México - |x Historia - |y Siglo XX | ||
| 650 | |a Acosta, Martín | ||
| 650 | |a Argüelles, Hugo | ||
| 650 | |a Berman, Sabina | ||
| 650 | |a Bonilla, Héctor | ||
| 650 | |a Caballero, José | ||
| 650 | |a Carballido, Emilio | ||
| 650 | |a Castro, Antonio | ||
| 650 | |a Chabaud, Jaime | ||
| 650 | |a Enríquez, José Ramón | ||
| 650 | |a Espinosa, Mario | ||
| 650 | |a García Lozano, Mauricio | ||
| 650 | |a González Dávila, Jesús | ||
| 650 | |a Guiochíns, Elena | ||
| 650 | |a Gurrola, Juan José | ||
| 650 | |a Hiriart, Hugo | ||
| 650 | |a Huertas, Luisa | ||
| 650 | |a Ibáñez, José Luis | ||
| 650 | |a Jiménez, Mauricio | ||
| 650 | |a Leñero, Vicente | ||
| 650 | |a Margules Coben, Ludwik | ||
| 650 | |a Mendoza, Héctor | ||
| 650 | |a Moncada, Luis Mario | ||
| 650 | |a Oceransky, Abraham | ||
| 650 | |a Olguín, David | ||
| 650 | |a Olmos, Carlos | ||
| 650 | |a Quintanilla, Raúl | ||
| 650 | |a Rascón Banda, Víctor Hugo | ||
| 650 | |a Rodríguez, Jesusa | ||
| 650 | |a Schoemann, Boris | ||
| 650 | |a Sanchis Sinisterra, José | ||
| 650 | |a Singer, Enrique | ||
| 650 | |a Solé, José | ||
| 650 | |a Tavira, Luis de | ||
| 650 | |a Weissberg, Iona | ||
| 600 | |a Franco, Francisco | ||
| 910 | |a Fondo General | ||
| 920 | |a Impresos - Libros | ||
| 930 | |a Colección General | ||
| 905 | |a 101 | ||
| 901 | |a 0500129355 |b IT1 |c ACC |u 20250521 | ||
| 902 | |a https://opac.biblio.iteso.mx/vufind/Record/000187344 | ||